000 00522nam a22001817a 4500
999 _c41722
_d41722
003 OSt
005 20221105100955.0
008 221103b ||||| |||| 00| 0 eng d
020 _a9781259062513
040 _coclc
082 _a576.163
_bFRA/F
100 _aFrazier, William C
_99245
245 _aFood microbiology /
_cFrazier,William C
250 _a5e
260 _aChennai:
_bMcgraw Hill eduction pvt ltd ,
_c2014
300 _a492 pages
942 _2ddc
_cBK
_h576.163
_iFRA/F
_k576.163
_mFRA/F